000
00304nam a2200145Ia 4500
100
_a
Bhastana/C.T
650
_a
Chemistry
942
_c
BK
654
_a
Chemistry
245
_a
Intermediate Chemistry
260
_b
S.Chand & co
_a
NewDelhi
_c
1972
082
_a
540
300
_a
409
546
_a
ENGLISH
999
_c
29445
_d
29445